|
|
|
|
| LEADER |
02986nam a2200685 4500 |
| 001 |
ocn905973723 |
| 003 |
OCoLC |
| 005 |
20170124070329.4 |
| 006 |
m o d |
| 007 |
cr cnu|||unuuu |
| 008 |
150401s2015 gw o 000 0 ger d |
| 040 |
|
|
|a DG1
|b eng
|e rda
|e pn
|c DG1
|d N$T
|d E7B
|d OCLCF
|d OCLCO
|d COO
|d OCLCO
|d YDXCP
|d OCL
|d DEBBG
|d GrThAP
|
| 019 |
|
|
|a 948949940
|
| 020 |
|
|
|a 9783433605899
|q electronic bk.
|
| 020 |
|
|
|a 3433605890
|q electronic bk.
|
| 020 |
|
|
|a 9783433605882
|q electronic bk.
|
| 020 |
|
|
|a 3433605882
|q electronic bk.
|
| 020 |
|
|
|z 9783433031162
|
| 020 |
|
|
|a 3433031169
|
| 020 |
|
|
|a 9783433031162
|
| 020 |
|
|
|a 9783433605875 (epub)
|
| 020 |
|
|
|a 3433605874 (epub)
|
| 020 |
|
|
|a 9783433605868 (mobi)
|
| 020 |
|
|
|a 3433605866 (mobi)
|
| 024 |
7 |
|
|a 10.1002/9783433605899
|2 doi
|
| 029 |
1 |
|
|a CHVBK
|b 334083672
|
| 029 |
1 |
|
|a CHBIS
|b 010442459
|
| 029 |
1 |
|
|a NZ1
|b 16078928
|
| 029 |
1 |
|
|a GBVCP
|b 826418899
|
| 029 |
1 |
|
|a DEBBG
|b BV043397667
|
| 035 |
|
|
|a (OCoLC)905973723
|z (OCoLC)948949940
|
| 050 |
|
4 |
|a NK1390
|
| 072 |
|
7 |
|a ART
|x 013000
|2 bisacsh
|
| 072 |
|
7 |
|a CRA
|x 047000
|2 bisacsh
|
| 082 |
0 |
4 |
|a 745.2/0904
|2 23
|
| 049 |
|
|
|a MAIN
|
| 100 |
1 |
|
|a Aicher, Otl,
|e author.
|
| 245 |
1 |
4 |
|a Die welt als entwurf /
|c mit einer einführung von Wolfgang Jean Stock.
|
| 250 |
|
|
|a 2. Auflage.
|
| 264 |
|
1 |
|a Berlin, Germany :
|b Ernst & Sohn,
|c 2015.
|
| 300 |
|
|
|a 1 online resource
|
| 336 |
|
|
|a text
|b txt
|2 rdacontent
|
| 337 |
|
|
|a computer
|b c
|2 rdamedia
|
| 338 |
|
|
|a online resource
|b cr
|2 rdacarrier
|
| 505 |
0 |
|
|a Einführung -- Krise der Moderne -- Verzicht auf Symbole -- Ästhetische Existenz -- Die dritte Moderne -- Charles Eames -- Hans Gugelot -- Flugapparate von Paul McCready -- Bauhaus und Ulm -- Architektur als Abbild des Staates -- Der nicht Mehr brauchbare Gebrauchsgegenstand -- Die Unterschrift -- Intelligentes Bauen -- Meinen Arbeitsplatz gibt es noch nicht -- Schwierigkeiten für Architekten und Designer -- Erscheinungsbild -- Der Freiraum des Grafikers -- Eine neue Schrift -- Die Welt als Entwurf -- Nachwort -- Nachweise.
|
| 588 |
0 |
|
|a Online resource; title from PDF title page (John Wiley, viewed April 1, 2015).
|
| 650 |
|
0 |
|a Design
|x History
|y 20th century.
|
| 650 |
|
0 |
|a Industrial design
|x History
|y 20th century.
|
| 650 |
|
7 |
|a ART / Folk & Outsider Art
|2 bisacsh
|
| 650 |
|
7 |
|a CRAFTS & HOBBIES / Folkcrafts
|2 bisacsh
|
| 650 |
|
7 |
|a Design.
|2 fast
|0 (OCoLC)fst00891253
|
| 650 |
|
7 |
|a Industrial design.
|2 fast
|0 (OCoLC)fst01730190
|
| 648 |
|
7 |
|a 1900-1999
|2 fast
|
| 655 |
|
4 |
|a Electronic books.
|
| 655 |
|
7 |
|a History.
|2 fast
|0 (OCoLC)fst01411628
|
| 655 |
|
0 |
|a Electronic books.
|
| 700 |
1 |
|
|a Stock, Wolfgang Jean,
|e writer of supplementary textual content.
|
| 776 |
0 |
8 |
|i Print version:
|a Aicher, Otl.
|t Welt als entwurf : schriften zum design.
|b 2. Auflage.
|d Berlin, Germany : Ernst & Sohn, c2015
|h 198 pages
|z 9783433031162
|
| 856 |
4 |
0 |
|u https://doi.org/10.1002/9783433605899
|z Full Text via HEAL-Link
|
| 994 |
|
|
|a 92
|b DG1
|